000 00695nam a22001937a 4500
005 20240530110958.0
008 221204s2006 au a f b 000 0 eng d
040 _aEG-CaGPL
_cEG-CaGPL
082 0 4 _221
_a661
_bم ص
100 0 _aمحمود شاكر عبدالحسين
245 1 0 _aالصناعات الكيمياوية /
_cتاليف محمود شاكر عبدالحسين، فاضل بندر عيسى
250 _aط.1
260 _aعمان :
_bدار اليازورى العلمية للنشر والتوزيع،
_c2006
300 _a449 ص. ؛
_c24 سم.
650 0 7 _2qrmak
_aالصناعات
651 _2qrmak
942 _2ddc
_cBK
999 _c67120
_d67120